Surveyors acting as arbiter or as independent expert in commercial property rent reviews (Record no. 102507)

MARC details
000 -LEADER
fixed length control field 01290cam a2200277 4500
008 - FIXED-LENGTH DATA ELEMENTS--GENERAL INFORMATION
fixed length control field #DATE n2002 000 0 eng u
020 ## - INTERNATIONAL STANDARD BOOK NUMBER
International Standard Book Number 1854190520
035 ## - SYSTEM CONTROL NUMBER
System control number (Sirsi) u120256
041 0# - LANGUAGE CODE
Language code of text/sound track or separate title eng
050 04 - LIBRARY OF CONGRESS CALL NUMBER
Classification number 347.4109 $2 18
110 2# - MAIN ENTRY--CORPORATE NAME
Corporate name or jurisdiction name as entry element Royal Institution of Chartered Surveyors
Subordinate unit Scotland
9 (RLIN) 3082
245 00 - TITLE STATEMENT
Title Surveyors acting as arbiter or as independent expert in commercial property rent reviews
Remainder of title Scottish edition, guidance notes
250 ## - EDITION STATEMENT
Edition statement 2nd ed.
260 ## - PUBLICATION, DISTRIBUTION, ETC.
Place of publication, distribution, etc. Edinburgh
Name of publisher, distributor, etc. RICS
Date of publication, distribution, etc. 2002
300 ## - PHYSICAL DESCRIPTION
Extent 72p.
Dimensions 30cm.
490 #0 - SERIES STATEMENT
Series statement RICS Scotland Guidance Note
520 ## - SUMMARY, ETC.
Summary, etc. OUT OF DATE, ARCHIVED 13/04/2015.
520 ## - SUMMARY, ETC.
Summary, etc. Aims to assist surveyors appointed to act as arbiters or independent experts to a rent review dispute for commercial property.
520 ## - SUMMARY, ETC.
Summary, etc. Supersedes 1st ed.
520 ## - SUMMARY, ETC.
Summary, etc. Unable to supply copy ASH 170915
651 #4 - SUBJECT ADDED ENTRY--GEOGRAPHIC NAME
Geographic name Scotland
Chronological subdivision 1999-
690 ## - LOCAL SUBJECT ADDED ENTRY--TOPICAL TERM (OCLC, RLIN)
Topical term or geographic name as entry element PROPERTY-COMMERCIAL PROPERTY-LEASEHOLD COMMERCIAL PROPERTY-COMMERCIAL LANDLORD AND TENANT-BUSINESS TENANCIES-RENT REVIEW (BUSINESS TENANCIES)
856 41 - ELECTRONIC LOCATION AND ACCESS
Uniform Resource Identifier <a href="https://www.rics.org/Global/Surveyors_acting_as_arbiter_independent_Experts_commercial_rent_reviews_Scotland_8th_edition_PGGuidance_2002.pdf">https://www.rics.org/Global/Surveyors_acting_as_arbiter_independent_Experts_commercial_rent_reviews_Scotland_8th_edition_PGGuidance_2002.pdf</a>
Public note View the guidance free of charge at www.rics.org/guidance...
942 ## - ADDED ENTRY ELEMENTS (KOHA)
Suppress in OPAC 0
Holdings
Withdrawn status Lost status Source of classification or shelving scheme Damaged status Not for loan Home library Current library Shelving location Date acquired Total Checkouts Full call number Barcode Date last seen Copy number Price effective from Koha item type
    Dewey Decimal Classification     Virtual Virtual Online 16/08/2006   ONLINE PUBLICATION 120256-2001 06/08/2019 1 06/08/2019 Book